000 01198nam a22002537a 4500
005 20170124103159.0
010 _aB-187163
020 _c300.00
035 _aB-187163
037 _bCen Lib/Ret
040 _aDPL
_bHN
082 _a822.08
_bशुक्लसु
100 _aशुक्ल, सुधांशु कुमार
_943672
245 _aप्रसादोत्तर हिन्दी नाटकों में नारी /
_cसुधांशु कुमार शुक्ल
246 _aPrasadottar hindi natakon me nari /
_bby Sudhanshu Kumar Shukla
260 _aदिल्ली
_bनवराज प्रकाशन
_c2006
270 _aडी-439/4, गांवडी एक्स, भजनपुरा
_bदिल्ली
_e110053
300 _a191पृ.
_c21सेमी(सजिल्द)
650 _aहिन्दी -- साहित्य
_990938
650 _aहिन्दी -- नाटकों में नारी का स्वरुप
_990939
650 _aHindi literature
_990940
650 _aHindi - plays the female form
_990941
942 _2ddc
_cHN
_h822.08
_mशुक्लसु
999 _c120537
_d120537